000
00433nam a2200181Ia 4500
008
090124s9999 xx 000 0 und d
082
_b
20770
_a
2377
100
_a
पवार रमेश
245
_a
गुरु
250
_a
1
260
_c
1974
300
_a
59
600
_a
पवार रमेश
630
_a
गुरु
700
_a
पवार रमेश
730
_a
गुरु
942
_c
BOOK
999
_c
134572
_d
134572